Контракти (Запис № 307496)

МАРК-запис
000 -Лідер
fixed length control field 00522cas a22002177a 4500
001 - Контрольний номер
control field 35170
003 - Ідентифікатор контрольного номера
control field UA-OsUOA
005 - Дата та час останнього входження (трансакції)
control field 20210324124238.0
007 - Фіксоване поле фізичного опису
fixed length control field ta
008 - Елементи даних фіксованої довжини – загальна інформація
fixed length control field 200511c9b un ||un ||p| 00| 0 ukrcdukr d
040 ## - Джерело каталогізації
Агенція оригінальної каталогізації UA-OsUOA
Мова каталогізації ukr
Агенція, яка здійснювала перезапис UA-OsUOA
Агенція, яка здійснювала модифікацію UA-OsUOA
041 ## - Код мови
Код мови тексту/ звукової доріжки чи окремого заголовка (П) ukr
080 ## - Індекс Універсальної десяткової класифікації
Індекс Універсальної десяткової класифікації (УДК) (НП) 330
090 ## - Локальний шифр розміщення
Класифікаційний індекс УДК 330
099 ## - Місцевий розмір звичайного тексту (OCLC)
Передплатний індекс 21576
245 ## - Відомості про назву
Назва (НП) Контракти
Решта назви (НП) діловий тижневик
260 ## - Публікація, розповсюдження і т.п. (Вихідні дані)
Місце публікації, розповсюдження і т.п. (П) Львів
650 #7 - Додаткове предметне введення – тематичний термін
Джерело заголовка чи терміна UDC
Тематичний термін чи географічна назва, як елемент введення (НП) 330 Економіка у цілму
942 ## - Додаткові елементи входу (Коха)
Тип елемента Koha Журнал
Source of classification or shelving scheme Universal Decimal Classification
955 ## - Код типу видання за змістом
Код типу видання за змістом (НП) інше

Немає доступних примірників.